000 00358nam a2200133Ia 4500
008 151001s9999||||xx |||||||||||||| ||und||
100 _aउषा यादव
245 _aफिर से हसो धरती मां
250 _a1
260 _bप्रकाशन विभाग
260 _c2006
300 _a57
365 _b21
999 _c989193
_d989190